Alle Nachbarländer von Brasilien - Statistiken

Allgemein
  • Dieses Quiz wurde 27 mal gespielt
  • Das Durchschnittsergebnis liegt bei 9 aus 10
Antwortstatistiken
Antwort % Korrekt
Argentinien
100%
Kolumbien
100%
Peru
100%
Venezuela
100%
Paraguay
96%
Uruguay
96%
Bolivien
92%
Guyana
88%
Surinam
88%
Frankreich
81%
Keine übereinstimmenden Quizze gefunden
Verteilung der Resultate
Anzahl Personen mit jedem Resultat
Perzentil nach korrekt beantworteten Fragen
Ihre Resultats-Entwicklung
Sie haben dieses Quiz noch nicht gespielt